000 00891cam a2200301 a 4500
001 13679342
003 0
005 20170224152143.0
008 040806s2006 nju b 000 0 eng
010 _a 2004057642
020 _a0131898027
020 _a9780131898028
040 _cSPU
042 _apcc
050 0 0 _aBJ 1031
_b.A66 2006
130 0 _aApplied ethics (May)
245 1 0 _aApplied ethics :
_ba multicultural approach /
_cedited by Larry May, Shari Collins-Chobanian, Kai Wong.
250 _a4th ed.
260 _aUpper Saddle River, N.J. :
_bPearson Prentice Hall,
_c2006.
300 _avii, 684 p. ;
_c24 cm.
504 _aIncludes bibliographical references.
650 0 _aApplied ethics.
650 0 _aMulticulturalism
_xMoral and ethical aspects.
700 1 _aMay, Larry.
700 1 _aCollins-Chobanian, Shari.
700 1 _aWong, Kai.
942 _2lcc
_cBK
999 _c48982
_d48982